MARC details
| 000 -LEADER |
| fixed length control field |
01832cam a22003978a 4500 |
| 001 - CONTROL NUMBER |
| control field |
13767429 |
| 003 - CONTROL NUMBER IDENTIFIER |
| control field |
EG-ScBUE |
| 005 - DATE AND TIME OF LATEST TRANSACTION |
| control field |
20201101091939.0 |
| 008 - FIXED-LENGTH DATA ELEMENTS--GENERAL INFORMATION |
| fixed length control field |
041101t2005 nyu f 000 d eng d |
| 020 ## - INTERNATIONAL STANDARD BOOK NUMBER |
| International Standard Book Number |
0486442187 (pbk.) |
| 020 ## - INTERNATIONAL STANDARD BOOK NUMBER |
| International Standard Book Number |
9780493442181 |
| 040 ## - CATALOGING SOURCE |
| Original cataloging agency |
DLC |
| Language of cataloging |
eng |
| Description conventions |
rda |
| Transcribing agency |
DLC |
| Modifying agency |
DLC |
| -- |
EG-ScBUE |
| 082 04 - DEWEY DECIMAL CLASSIFICATION NUMBER |
| Classification number |
812.52 |
| Item number |
ONE |
| Edition number |
22 |
| 100 1# - MAIN ENTRY--PERSONAL NAME |
| Personal name |
O'Neill, Eugene, |
| Dates associated with a name |
1888-1953, |
| Relator term |
author. |
| 9 (RLIN) |
30404 |
| 240 10 - UNIFORM TITLE |
| Uniform title |
<a href="Plays.">Plays.</a> |
| Form subheading |
Selections |
| 245 10 - TITLE STATEMENT |
| Title |
Three Great Plays : |
| Remainder of title |
the Emperor Jones, Anna Christie, and the Hairy Ape / |
| Statement of responsibility, etc |
Eugene O'Neill. |
| 264 #1 - PUBLICATION, DISTRIBUTION, ETC. (IMPRINT) |
| Place of publication, distribution, etc |
Mineola, New York : |
| Name of publisher, distributor, etc |
Dover Publications, Inc., |
| Date of publication, distribution, etc |
[2005] |
| 264 #4 - PUBLICATION, DISTRIBUTION, ETC. (IMPRINT) |
| Date of publication, distribution, etc |
c2005 |
| 300 ## - PHYSICAL DESCRIPTION |
| Extent |
iv, 140 pages : |
| Dimensions |
20 cm |
| 336 ## - CONTENT TYPE |
| Source |
rdacontent |
| Content type term |
text |
| Content type code |
txt |
| 337 ## - MEDIA TYPE |
| Source |
rdamedia |
| Media type term |
unmediated |
| Media type code |
n |
| 338 ## - CARRIER TYPE |
| Source |
rdacarrier |
| Carrier type term |
volume |
| Carrier type code |
nc |
| 500 ## - GENERAL NOTE |
| General note |
"This Dover edition, originally published in 2005, is an original compilation of three plays by Eugene O'Neill: The Emperor Jones, originally published by Stewart Kidd, New York, 1921; Anna Christie, originally published by Boni and Liveright, New York, 1922; and The hairy ape, originally published by Horace Liveright, Inc., New York, 1922. A new introductory note has been specially prepared for this edition"--T.p. verso. |
| 650 #7 - SUBJECT ADDED ENTRY--TOPICAL TERM |
| Topical term or geographic name as entry element |
Americans |
| Geographic subdivision |
Caribbean Area |
| Form subdivision |
Drama. |
| Source of heading or term |
BUEsh |
| 9 (RLIN) |
30406 |
| 650 #7 - SUBJECT ADDED ENTRY--TOPICAL TERM |
| Topical term or geographic name as entry element |
Fathers and daughters |
| Form subdivision |
Drama. |
| Source of heading or term |
BUEsh |
| 9 (RLIN) |
30407 |
| 650 #7 - SUBJECT ADDED ENTRY--TOPICAL TERM |
| Topical term or geographic name as entry element |
Identity (Psychology) |
| Form subdivision |
Drama. |
| Source of heading or term |
BUEsh |
| 9 (RLIN) |
30408 |
| 650 #7 - SUBJECT ADDED ENTRY--TOPICAL TERM |
| Topical term or geographic name as entry element |
African Americans |
| Form subdivision |
Drama. |
| Source of heading or term |
BUEsh |
| 9 (RLIN) |
30409 |
| 650 #7 - SUBJECT ADDED ENTRY--TOPICAL TERM |
| Topical term or geographic name as entry element |
Social classes |
| Form subdivision |
Drama. |
| Source of heading or term |
BUEsh |
| 9 (RLIN) |
30410 |
| 650 #7 - SUBJECT ADDED ENTRY--TOPICAL TERM |
| Topical term or geographic name as entry element |
Ocean liners |
| Form subdivision |
Drama. |
| Source of heading or term |
BUEsh |
| 9 (RLIN) |
30411 |
| 650 #7 - SUBJECT ADDED ENTRY--TOPICAL TERM |
| Topical term or geographic name as entry element |
Young women |
| Form subdivision |
Drama. |
| Source of heading or term |
BUEsh |
| 9 (RLIN) |
30412 |
| 650 #7 - SUBJECT ADDED ENTRY--TOPICAL TERM |
| Topical term or geographic name as entry element |
Terrorists |
| Form subdivision |
Drama. |
| Source of heading or term |
BUEsh |
| 9 (RLIN) |
30413 |
| 653 ## - INDEX TERM--UNCONTROLLED |
| Arrived date list |
July2012 |
| Resource For college |
Humanities: English |
| 655 ## - INDEX TERM--GENRE/FORM |
| Form subdivision |
Reading book |
| 9 (RLIN) |
34232 |
| 942 ## - ADDED ENTRY ELEMENTS (KOHA) |
| Source of classification or shelving scheme |
Dewey Decimal Classification |
| Koha item type |
Book - Borrowing |